Statistics for Reverse: 1999 Playable Characters (Global)

Click here to take the quiz!

General Stats

  • This quiz has been taken 78 times
    (32 since last reset)
  • The average score is 41 of 62

Answer Stats

AfflatusCharacter% Correct
MineralSonetto
96%
MineralBalloon Party
92%
IntellectX
92%
StarRegulus
88%
SpiritA Knight
81%
IntellectDoor
81%
StarMatilda
81%
MineralPickles
81%
StarAPPLe
77%
StarTTT
77%
StarVoyager
77%
SpiritClick
73%
PlantEagle
73%
SpiritMs. Radio
73%
BeastPavia
73%
PlantЗима
69%
StaraliEn T
69%
PlantAn-An Lee
69%
StarBaby Blue
69%
PlantBkornblume
69%
StarCharlie
69%
PlantDruvis III
69%
MineralEternity
69%
IntellectJohn Titor
69%
SpiritPoltergeist
69%
StarSputnik
69%
BeastSweetheart
69%
StarTooth Fairy
69%
PlantDiggers
65%
BeastDikke
65%
PlantJessica
65%
StarLilya
65%
BeastMedicine Pocket
65%
BeastMelania
65%
MineralNecrologist
65%
PlantRabies
65%
PlantSatsuki
65%
PlantSotheby
65%
BeastTennant
65%
SpiritTwins Sleep
65%
BeastBunny Bunny
62%
BeastLeilani
62%
IntellectMesmer Jr.
62%
BeastNick Bottom
62%
BeastSchneider
62%
BeastShamane
62%
MineralONiON
58%
StarThe Fool
58%
StarErick
54%
MineralHorropedia
54%
MineralKaalaa Baunaa
54%
MineralMs. NewBabel
54%
StarOliver Fog
54%
StarBlonney
50%
BeastCenturion
50%
PlantKanjira
50%
BeastDarley Clatter
46%
PlantLa Source
46%
MineralCristallo
42%
MineralMondlicht
42%
MineralMs. Moissan
42%
MineralBette
38%

Score Distribution

Percentile by Number Answered

Percent of People with Each Score

Your Score History

You have not taken this quiz since the last reset